MARC details
| 000 -CABECERA |
| campo de control de longitud fija |
01092cam a2200313 a 4500 |
| 001 - NÚMERO DE CONTROL |
| campo de control |
000014832 |
| 003 - IDENTIFICADOR DEL NÚMERO DE CONTROL |
| campo de control |
OSt |
| 005 - FECHA Y HORA DE LA ÚLTIMA TRANSACCIÓN |
| campo de control |
20200929163915.0 |
| 008 - DATOS DE LONGITUD FIJA--INFORMACIÓN GENERAL |
| campo de control de longitud fija |
760408s1975 mx ab 000 0 eng |
| 040 ## - FUENTE DE LA CATALOGACIÓN |
| Centro catalogador/agencia de origen |
DO-SdBNP |
| Lengua de catalogación |
spa |
| Centro/agencia transcriptor |
BNPHU |
| 041 17 - CÓDIGO DE LENGUA |
| Código de lengua del texto/banda sonora o título independiente |
spa |
| Código de lengua original |
eng |
| 049 ## - FONDOS LOCALES (OCLC) |
| Fondos de biblioteca |
En proceso |
| 082 ## - NÚMERO DE LA CLASIFICACIÓN DECIMAL DEWEY |
| Número de clasificación |
972 |
| Número de documento/Ítem |
C736h, 1975 |
| 245 02 - MENCIÓN DE TÍTULO |
| Título |
A Compact history of Mexico / |
| Mención de responsabilidad, etc. |
Daniel Cosío Villegas ... [et al.] ; prólogo Robert A. Potash ; traducido Marjory Mattingly Urquidi. |
| 250 ## - MENCIÓN DE EDICIÓN |
| Mención de edición |
2a ed. |
| 260 ## - PUBLICACIÓN, DISTRIBUCIÓN, ETC. |
| Lugar de publicación, distribución, etc. |
México : |
| Nombre del editor, distribuidor, etc. |
El Colegio de Mexico ; |
| Lugar de publicación, distribución, etc. |
Los Ángeles : |
| Nombre del editor, distribuidor, etc. |
Latin American Center, |
| Fecha de publicación, distribución, etc. |
1975. |
| 300 ## - DESCRIPCIÓN FÍSICA |
| Extensión |
viii, 157 p. : |
| Otras características físicas |
il., maps ; |
| Dimensiones |
17 cm. |
| 590 ## - NOTA LOCAL (RLIN) |
| Nota local |
Inventariado, 2020 / DG |
| 651 #4 - PUNTO DE ACCESO ADICIONAL DE MATERIA--NOMBRE GEOGRÁFICO |
| Nombre geográfico |
México |
| Subdivisión general |
Historia |
| 9 (RLIN) |
5710 |
| 700 1# - PUNTO DE ACCESO ADICIONAL--NOMBRE DE PERSONA |
| Nombre de persona |
Cosío Villegas, Daniel, |
| Fechas asociadas al nombre |
1898-1976. |
| 9 (RLIN) |
33601 |
| 700 1# - PUNTO DE ACCESO ADICIONAL--NOMBRE DE PERSONA |
| Nombre de persona |
Bernel, Ignacio. |
| 9 (RLIN) |
33602 |
| 700 1# - PUNTO DE ACCESO ADICIONAL--NOMBRE DE PERSONA |
| Nombre de persona |
Moreno Toscano, Alejandra. |
| 9 (RLIN) |
33603 |
| 700 1# - PUNTO DE ACCESO ADICIONAL--NOMBRE DE PERSONA |
| Nombre de persona |
González, Luis. |
| 9 (RLIN) |
33604 |
| 700 1# - PUNTO DE ACCESO ADICIONAL--NOMBRE DE PERSONA |
| Nombre de persona |
Blanquel, Eduardo. |
| 9 (RLIN) |
33605 |
| 700 1# - PUNTO DE ACCESO ADICIONAL--NOMBRE DE PERSONA |
| Nombre de persona |
Potash, Robert, |
| Término indicativo de función/relación |
pról. |
| 9 (RLIN) |
33606 |
| 700 1# - PUNTO DE ACCESO ADICIONAL--NOMBRE DE PERSONA |
| Nombre de persona |
Urquidi, Marjory Mattingly, |
| Término indicativo de función/relación |
tr. |
| 9 (RLIN) |
33607 |
| 910 ## - DATOS DE OPCIÓN DEL USUARIO (OCLC) |
| Datos de opción del usuario |
En catalogaciòn |
| 942 ## - ELEMENTOS DE PUNTO DE ACCESO ADICIONAL (KOHA) |
| Fuente del sistema de clasificación o colocación |
Dewey Decimal Classification |
| Tipo de ítem Koha |
Libros y folletos |